| 000 | 01313nam0a2200337 4500 | ||
|---|---|---|---|
| 001 | RU\NLR\BIBL_A\012587275 | ||
| 005 | 20211126130135.0 | ||
| 010 |
_a978-5-04-105822-7 _92500 |
||
| 021 |
_aRU _bКН-П-21-027854 _9КН-П-21-2154 |
||
| 035 | _a(NLR Aleph) 012587275 | ||
| 090 |
_a12540854 _c12540854 |
||
| 100 | _a20210830d2021 u y0rusy50 ca | ||
| 101 | 1 |
_arus _ceng |
|
| 102 | _aRU | ||
| 105 | _aa|||z|||000ay | ||
| 181 | 0 |
_ai3 _baxxe |
|
| 182 | 0 | _an | |
| 200 | 1 |
_aОдин из нас _fКрейг Дилуи _g[перевод с английского В. Иванова] _gиллюстрации Ольги Закис |
|
| 203 |
_aТекст _bвизуальный _cнепосредственный |
||
| 210 |
_aМосква _cInspiria _cЭксмо _d2021 |
||
| 215 |
_a445, [1] с., [2] л. цв. ил. _cил. _d21 |
||
| 309 | _aВложена в поясок | ||
| 333 | _a18+ | ||
| 686 | 1 | _aШ6(7К)167-445(Лх1960-18) | |
| 700 | 1 |
_7ca _8rus _aДилуи _bК. _f1967- _gКрейг _9236486 _3RU\NLR\AUTH\770236542 |
|
| 702 | 1 |
_4440 _7ca _8rus _aЗакис _bО. А. _f1977- _gОльга Алексеевна _9247542 _3RU\NLR\AUTH\770247598 |
|
| 942 | _cBOOK | ||
| 980 | _aNB | ||